<?xml version="1.0" encoding="UTF-8"?>
<record
    xmlns:xsi="http://www.w3.org/2001/XMLSchema-instance"
    xsi:schemaLocation="http://www.loc.gov/MARC21/slim http://www.loc.gov/standards/marcxml/schema/MARC21slim.xsd"
    xmlns="http://www.loc.gov/MARC21/slim">

  <leader>00432nam a22001577a 4500</leader>
  <controlfield tag="003">OSt</controlfield>
  <controlfield tag="005">20240115164743.0</controlfield>
  <controlfield tag="008">240115b        |||||||| |||| 00| 0 eng d</controlfield>
  <datafield tag="020" ind1=" " ind2=" ">
    <subfield code="a">9781032644882</subfield>
  </datafield>
  <datafield tag="040" ind1=" " ind2=" ">
    <subfield code="c">IIMT UNIVERSITY</subfield>
  </datafield>
  <datafield tag="100" ind1=" " ind2=" ">
    <subfield code="a">AUGSBURGER..ARRY,HAG.W.STEPHEN</subfield>
  </datafield>
  <datafield tag="245" ind1=" " ind2=" ">
    <subfield code="a">PHARMACEUTICAL DOSAGE FORMS:TABLETS (TATIONAL DESIGN &amp; FORMAULTION)</subfield>
  </datafield>
  <datafield tag="260" ind1=" " ind2=" ">
    <subfield code="a">CRC</subfield>
    <subfield code="b">CRC PRESS</subfield>
    <subfield code="c">2024</subfield>
  </datafield>
  <datafield tag="300" ind1=" " ind2=" ">
    <subfield code="a">546</subfield>
  </datafield>
  <datafield tag="942" ind1=" " ind2=" ">
    <subfield code="2">ddc</subfield>
    <subfield code="c">01</subfield>
    <subfield code="e">3rd</subfield>
  </datafield>
  <datafield tag="999" ind1=" " ind2=" ">
    <subfield code="c">58009</subfield>
    <subfield code="d">58009</subfield>
  </datafield>
  <datafield tag="952" ind1=" " ind2=" ">
    <subfield code="0">0</subfield>
    <subfield code="1">0</subfield>
    <subfield code="2">ddc</subfield>
    <subfield code="4">0</subfield>
    <subfield code="7">0</subfield>
    <subfield code="a">27</subfield>
    <subfield code="b">27</subfield>
    <subfield code="d">2024-01-01</subfield>
    <subfield code="e">ARISTA PUBLICATION</subfield>
    <subfield code="i">HO/IN/104,01-01-2024</subfield>
    <subfield code="l">0</subfield>
    <subfield code="p">27-B-2035</subfield>
    <subfield code="r">2024-01-15</subfield>
    <subfield code="w">2024-01-15</subfield>
    <subfield code="y">01</subfield>
  </datafield>
</record>
